| 000 | 004290000a22001810004500 | ||
|---|---|---|---|
| 003 | MACL | ||
| 005 | 20151021111955.0 | ||
| 008 | 151021b xxu||||| |||| 00| 0 eng d | ||
| 040 |
_aMACL _cMACL |
||
| 041 | _aEnglish | ||
| 082 | _a954/CHO | ||
| 100 |
_aChopra, Prabha _916100 |
||
| 245 | _aDelhi in 1857 | ||
| 260 |
_bPublication Division _c2008 _aNew Delhi |
||
| 350 | _a100 | ||
| 650 |
_aHistory _916101 |
||
| 942 |
_cBK _k954 _2ddc |
||
| 999 |
_c9017 _d9017 |
||